000 01097nab a2200289 uc4500
001 845670
005 20260406100501.0
008 030919m01uu2003 spa
035 _a845670
035 _a(OCoLC)820077018
040 _ccomduadb
041 _aspa
100 1 0 _aOrtiz de Landázuri, Carlos
_4aut
_eaut
_9276925
245 1 3 _aEl destino de la democracia: ?Universalismo deliberativo o complementariedad participativa? La ultima discrepancia entre Apel y Habermas. A proposito de la ampliacion de la Union Europea, 1992-1998
600 1 4 _aHabermas, Jürgen,
_d1929-2026
_9854570
650 7 _aDemocracia
_2lemb
_91551
650 _aUniversalismo
_927381
650 _aApel, Karl Otto, 1922-2017
_920404
650 _aUnión Europea
_949918
650 _aUtopía
_987
650 _aDominación política
_979073
650 4 _aÉtica y política
_946140
650 _aResponsabilidad política
_955988
650 _aDerechos
_994635
773 0 _tAnuario Filosófico (Pamplona)
_gVolumen 36, Número 01-02, Enero-Mayo 2003, p. 409-439
_w9115
_x0066-5215
_04104
942 _cARIMP
999 _c296995
_d296995